Diseño de producto: métodos y técnicas
Guardat en:
| Autors principals: | , , |
|---|---|
| Format: | Llibre |
| Idioma: | espanyol |
| Publicat: |
Ciudad de México
Alfaomega
2004
|
| Edició: | 1a. ed |
| Matèries: | |
| Etiquetes: |
Afegir etiqueta
Sense etiquetes, Sigues el primer a etiquetar aquest registre!
|
MARC
| LEADER | 00000nam a2200000 a 4500 | ||
|---|---|---|---|
| 001 | UCK3597 | ||
| 003 | CL-VaPUC | ||
| 008 | 050429e20040000MX |||||||||||||||||spa|d | ||
| 020 | |a 9701509919 | ||
| 082 | 0 | 4 | |a 745.2 |b ALC |2 21 |
| 100 | 0 | |a Alcaide Marzal, Jorge |e author |9 491717 | |
| 700 | 0 | |a Diego Más, José Antonio |e author |9 491718 | |
| 700 | 0 | |a Artacho Ramírez, Miguel Angel |e author |9 491719 | |
| 245 | 1 | 0 | |a Diseño de producto: métodos y técnicas |
| 250 | |a 1a. ed | ||
| 300 | |a 378 p | ||
| 942 | |c BK | ||
| 945 | |d 20050429 00:00:00 |a cmena | ||
| 260 | |a Ciudad de México |b Alfaomega |c 2004 | ||
| 650 | 7 | |a DISEÑO POR COMPUTADOR |2 CL-VaPUC |9 491720 | |
| 650 | 7 | |a HERRAMIENTAS DE DISEÑO |2 CL-VaPUC |9 491721 | |
| 650 | 7 | |a TEORIA DEL DISEÑO |2 CL-VaPUC |9 491722 | |
| 650 | 7 | |a PROCESO DE DISEÑO |2 CL-VaPUC |9 491723 | |
| 650 | 7 | |a TECNICAS DE DISEÑO |2 CL-VaPUC |9 491724 | |
| 583 | |a last modification |c 20050429 00:00:00 |k Rodrigo Vera | ||
| 999 | |c 312721 |d 312719 | ||
| 952 | |0 0 |1 0 |4 0 |6 745_200000000000000_ALC_2004 |7 0 |8 A |9 383411 |a BIBMEC |b BIBMEC |d 2019-11-21 |i 4119304 |o 745.2 ALC 2004 |p 4119304 |r 2019-11-21 |w 2019-11-21 |y BK |k MEC | ||